Thế giới vi tính : Seri A - Công nghệ máy tính và mạng = PC world Vietnam : The magazine of personal computer and networking /

Gardado en:
Detalles Bibliográficos
Formato: Seriadas
Idioma:Vietnamese
Publicado: Tp.HCM : Sở Khoa học và công nghệ Tp.HCM.
Những chủ đề:
Các nhãn: Engadir etiqueta
Sen Etiquetas, Sexa o primeiro en etiquetar este rexistro!
Thư viện lưu trữ: Mạng thư viện Đại học Đà Nẵng
LEADER 00825cas a2200265 i 4500
001 000043244
003 1165
005 20110808084643.0
008 010217b vm 000 vie
040 |a IRC  |c IRC  |d IRC 
041 0 |a vie 
082 1 4 |a 004  |b Th-G 
245 0 0 |a Thế giới vi tính : Seri A - Công nghệ máy tính và mạng =  |b PC world Vietnam : The magazine of personal computer and networking /  |c Sở khoa học và công nghệ thành phố Hồ Chí Minh. 
260 |a Tp.HCM :  |b Sở Khoa học và công nghệ Tp.HCM. 
300 |a 136 Tr. ;  |c 28 cm. 
650 0 4 |a Vi tính  |x Thế giới. 
OWN |a DUT 
999 |a From the UDN01 
TYP |a Printed language 
980 |a Mạng thư viện Đại học Đà Nẵng